000 00882cam a22002415a 4500
001 L159709
008 171212s2017 xxk f 000 0 eng d
020 _a9780727761996
035 _a(Sirsi) u159709
041 0 _aeng
050 0 4 _a624.04
100 1 _aGerrard, Robert
245 0 0 _aNEC4 practical solutions
260 _aLondon
_bICE Publishing
_c2017
300 _a24cm; 176p
520 _aLooks at a range of solutions to a variety of questions raised on NEC4 including issues relating to the Contractor's main responsibilities, time, testing and defects, payment, compensation, title, liability and insurance, termination, the Options, Schedule of Cost Components and Contract Data.
590 _aKA
650 2 4 _aNEW ENGINEERING CONTRACT (FOURTH EDITION)
651 4 _aENGLAND AND WALES
690 _aContracts
_96232
700 1 _aKings, Stuart
942 _n0
999 _c116092
_d116092